| 000 | 00822nam a2200253 a 4500 | ||
|---|---|---|---|
| 001 | 32841 | ||
| 003 | BD-RjUL | ||
| 005 | 20211209051914.0 | ||
| 008 | 170117s1955 -uka b 000 0 eng d | ||
| 035 | _a(BD-RjUL)32931 | ||
| 040 |
_aDLC _cODaWU _dDLC _dBD-RjUL _beng |
||
| 041 | _aeng | ||
| 082 |
_223 _a658.1552 _bREA 1955 |
||
| 245 | 1 | 0 |
_aReadings in cost accounting, budgeting, and control / _cEditor Willim E. Thomas, American Accounting Association. |
| 260 |
_aChicago : _bSouth-western Pub. Co., _c1955 |
||
| 300 |
_aix, 785 p. : _bill. ; _c26 cm. |
||
| 504 | _aIncludes Index | ||
| 650 | 0 |
_aControllership. _9180859 |
|
| 650 | 0 |
_aCost accounting. _9176383 |
|
| 650 | 0 |
_aBudget in business. _9179922 |
|
| 700 |
_aThomas, William E. _9183072 |
||
| 710 | 2 |
_aAmerican Accounting Association. _9183073 |
|
| 942 |
_2ddc _cBK |
||
| 999 |
_c32841 _d32841 |
||